[Event "GER-chT Federal Cup (Women)"]
[Site "Braunfels"]
[Date "2022.06.17"]
[Round "2.15"]
[White "Schilay, Eva"]
[Black "Noppes, Marina"]
[Result "0-1"]
[WhiteElo "1691"]
[BlackElo "1922"]
[PlyCount "62"]
[EventDate "2022.06.15"]
[EventType "team-swiss"]
[EventRounds "5"]
[EventCountry "GER"]
[SourceTitle "EXT 2023"]
[Source "ChessBase"]
[SourceDate "2022.10.05"]
[SourceVersion "1"]
[SourceVersionDate "2022.10.05"]
[SourceQuality "1"]

1. e4 c5 2. g3 Nc6 3. Bg2 g6 4. d3 Bg7 5. Nc3 d6 6. Be3 e6 7. Qd2 Rb8 8. Nge2 Qb6 9. Rb1 Nd4 10. Nd1 Nxe2 11. Kxe2 Qa6 12. a3 h5 13. h3 Ne7 14. Re1 b5 15. c3 Bd7 16. Qc1 Rc8 17. Bd2 Nc6 18. Ne3 0-0 19. Bf3 b4 20. axb4 cxb4 21. Nc4 d5 22. exd5 exd5 23. Bxd5 Bxh3 24. Be3 Rfd8 25. Be4 f5 26. Bf3 Rxd3 27. Kxd3 Ne5+ 28. Kc2 b3+ 29. Kd2 Nxf3+ 30. Ke2 Qxc4+ 31. Kxf3 Qg4# 0-1

[Event "GER-ch Youth-B"]
[Site "Willingen"]
[Date "2022.06.11"]
[Round "9"]
[White "Schilay, Eva"]
[Black "Laux, Filip"]
[Result "1/2-1/2"]
[WhiteElo "1691"]
[BlackElo "1395"]
[PlyCount "60"]
[EventDate "2022.06.04"]
[EventType "swiss"]
[EventRounds "9"]
[EventCountry "GER"]
[SourceTitle "CBM 208 Extra"]
[Source "ChessBase"]
[SourceDate "2022.07.31"]
[SourceVersion "1"]
[SourceVersionDate "2022.07.31"]
[SourceQuality "1"]

1. e4 c6 2. d4 d5 3. exd5 cxd5 4. Bd3 Nc6 5. c3 Qc7 6. Be3 e6 7. Nd2 Nf6 8. h3 h6 9. Ngf3 Bd6 10. 0-0 0-0 11. Nh4 e5 12. dxe5 Nxe5 13. Bc2 b6 14. Nhf3 Bb7 15. Nxe5 Bxe5 16. Nf3 Bd6 17. Bb3 Rfd8 18. Qc2 Bc5 19. Bd4 Ne4 20. Rad1 Bxd4 21. Nxd4 Nc5 22. Rfe1 Re8 23. Re2 Rxe2 24. Qxe2 Qd7 25. Re1 Kf8 26. Bc2 Re8 27. Qd1 Rxe1+ 28. Qxe1 Qe7 29. Kf1 Qxe1+ 30. Kxe1 g6 1/2-1/2

[Event "BL2 Sued 1920 (Women)"]
[Site "Germany"]
[Date "2020.02.16"]
[Round "7.6"]
[White "Schilay, Eva"]
[Black "Lerch, Cornelia"]
[Result "1-0"]
[WhiteElo "1648"]
[BlackElo "1832"]
[PlyCount "79"]
[EventDate "2019.09.14"]
[EventType "team-tourn"]
[EventRounds "7"]
[EventCountry "GER"]
[SourceTitle "EXT 2021"]
[Source "ChessBase"]
[SourceDate "2020.10.23"]
[SourceVersion "1"]
[SourceVersionDate "2020.10.23"]
[SourceQuality "1"]
[WhiteTeam "Regensburg Bavaria (W)"]
[BlackTeam "Gernsheim (W)"]
[WhiteTeamCountry "GER"]
[BlackTeamCountry "GER"]

1. e4 d5 2. exd5 Qxd5 3. Nc3 Qd8 4. d4 Nf6 5. Bc4 h6 6. Bf4 Bg4 7. Qd3 e6 8. Nb5 Bf5 9. Nxc7+ Qxc7 10. Bxc7 Bxd3 11. Bxd3 Be7 12. Nf3 Nbd7 13. c3 Rc8 14. Bf4 0-0 15. 0-0 Rfd8 16. Rae1 a6 17. Ne5 Nd5 18. Bg3 N7f6 19. f4 Nh5 20. f5 Nxg3 21. hxg3 exf5 22. Rxf5 Bf6 23. Ng4 Bg5 24. Rfe5 f6 25. Re6 Kf7 26. Kf2 h5 27. Nh2 h4 28. gxh4 Bxh4+ 29. g3 Bg5 30. Nf3 Bh6 31. Nh4 g5 32. Nf3 Bf8 33. Nh2 Rc7 34. Ng4 Bg7 35. a3 Ne7 36. Bb1 f5 37. Ba2 Nd5 38. Nh6+ Bxh6 39. Rxh6 Re7 40. Bxd5+ 1-0

[Event "GER-ch rapid (Women) 45th"]
[Site "Neumarkt in der Oberpfalz"]
[Date "2019.09.22"]
[Round "9"]
[White "Adelhardt, Lisa"]
[Black "Schilay, Eva"]
[Result "0-1"]
[WhiteElo "1418"]
[BlackElo "1648"]
[PlyCount "68"]
[EventDate "2019.09.21"]
[EventType "swiss"]
[EventRounds "9"]
[EventCountry "GER"]
[SourceTitle "EXT 2020"]
[Source "ChessBase"]
[SourceDate "2019.10.17"]
[SourceVersion "1"]
[SourceVersionDate "2019.10.17"]
[SourceQuality "1"]

1. e4 d6 2. d4 Nf6 3. Nc3 e5 4. Nf3 Nbd7 5. Bc4 Be7 6. 0-0 c6 7. a4 a5 8. Be3 0-0 9. h3 Qc7 10. dxe5 dxe5 11. Qe2 b6 12. Rad1 Bb7 13. Bg5 h6 14. Bh4 Rfe8 15. Qe3 Bc5 16. Qe2 Rad8 17. Bxf6 Nxf6 18. Rxd8 Rxd8 19. Rd1 Bd4 20. Nxd4 exd4 21. Nb1 c5 22. Nd2 Re8 23. Bd3 Qe5 24. Re1 Bc6 25. Bb5 Qc7 26. Bxc6 Qxc6 27. b3 Nd5 28. Qd3 Nc3 29. f3 Re6 30. Nb1 Nd5 31. Rc1 Nf4 32. Qd2 Qc7 33. Qf2 Rg6 34. Nd2 Nxh3+ 0-1

[Event "GER-ch rapid (Women) 45th"]
[Site "Neumarkt in der Oberpfalz"]
[Date "2019.09.21"]
[Round "5"]
[White "Schilay, Eva"]
[Black "Wagner, Margarethe"]
[Result "0-1"]
[WhiteElo "1648"]
[BlackElo "1749"]
[PlyCount "74"]
[EventDate "2019.09.21"]
[EventType "swiss"]
[EventRounds "9"]
[EventCountry "GER"]
[SourceTitle "EXT 2020"]
[Source "ChessBase"]
[SourceDate "2019.10.17"]
[SourceVersion "1"]
[SourceVersionDate "2019.10.17"]
[SourceQuality "1"]

1. Nc3 c5 2. e4 a6 3. g3 b5 4. Bg2 Bb7 5. d3 e6 6. Be3 d5 7. exd5 exd5 8. d4 c4 9. a3 Nf6 10. Bg5 Be7 11. Nge2 Nbd7 12. 0-0 h6 13. Bxf6 Nxf6 14. Re1 0-0 15. Nf4 Qd7 16. Qf3 Rad8 17. Re2 g5 18. Nh5 Nxh5 19. Qxh5 Kh7 20. Qf3 f5 21. Rae1 Bf6 22. Re6 Bg7 23. Re7 Qc8 24. Qe2 Kh8 25. Qe3 f4 26. gxf4 Rxf4 27. Nxd5 Bxd5 28. Bxd5 Bxd4 29. Re8+ Rxe8 30. Qxe8+ Qxe8 31. Rxe8+ Kg7 32. Re2 Bxb2 33. Bb7 Bxa3 34. Bxa6 b4 35. Re3 Bc1 36. Re7+ Kf6 37. Rb7 Bd2 0-1

[Event "GER-ch U25-B"]
[Site "Willingen"]
[Date "2019.06.12"]
[Round "5"]
[White "Lange, Malina"]
[Black "Schilay, Eva"]
[Result "0-1"]
[WhiteElo "1562"]
[BlackElo "1628"]
[PlyCount "96"]
[EventDate "2019.06.08"]
[EventType "swiss"]
[EventRounds "9"]
[EventCountry "GER"]
[SourceTitle "CBM 191 Extra"]
[Source "ChessBase"]
[SourceDate "2019.09.30"]
[SourceVersion "1"]
[SourceVersionDate "2019.09.30"]
[SourceQuality "1"]

1. e4 d6 2. d4 Nf6 3. Nc3 e5 4. dxe5 dxe5 5. Qxd8+ Kxd8 6. Nf3 Bd6 7. Be3 Be6 8. Ng5 Nbd7 9. Nxe6+ fxe6 10. 0-0-0 a6 11. Bc4 Ke7 12. Rhe1 b5 13. Bb3 Rhb8 14. Rd3 c5 15. Red1 Bc7 16. Bg5 Nf8 17. Bd5 Ra7 18. Bc6 Rb6 19. Bd5 Rd6 20. f4 Rd8 21. Bc6 Rxd3 22. Rxd3 exf4 23. Ne2 c4 24. Rd2 e5 25. Nc3 Ba5 26. b4 cxb3 27. Nd5+ Kd6 28. Nb4+ Kc7 29. c3 Bxb4 30. cxb4 Kxc6 31. axb3 Ne6 32. Bh4 Nxe4 33. Re2 Kd5 34. Bf2 Rc7+ 35. Kb2 Nxf2 36. Rd2+ Nd4 37. Rxf2 g5 38. h3 e4 39. h4 e3 40. Rf1 e2 41. Re1 gxh4 42. Ka2 h3 43. gxh3 f3 44. h4 f2 45. Rxe2 Nxe2 46. Kb2 f1Q 47. h5 Qc1+ 48. Ka2 Nc3# 0-1

[Event "Bayernliga U20 1819"]
[Site "Bayern"]
[Date "2019.02.09"]
[Round "7.2"]
[White "Schilay, Eva"]
[Black "Oberhofer, Cedric"]
[Result "0-1"]
[WhiteElo "1670"]
[BlackElo "2216"]
[PlyCount "58"]
[EventDate "2018.11.17"]
[EventType "team-tourn"]
[EventRounds "6"]
[EventCountry "GER"]
[SourceTitle "EXT 2022"]
[Source "ChessBase"]
[SourceDate "2021.10.06"]
[SourceVersion "1"]
[SourceVersionDate "2021.10.06"]
[SourceQuality "1"]
[WhiteTeam "Neumarkt U20"]
[BlackTeam "Regensburg Bavaria U20"]
[WhiteTeamCountry "GER"]
[BlackTeamCountry "GER"]

1. e4 c5 2. Nf3 d6 3. d4 cxd4 4. Nxd4 Nf6 5. Nc3 a6 6. Be3 e5 7. Nb3 Be7 8. f3 Be6 9. Qd2 0-0 10. g4 d5 11. exd5 Nxd5 12. Nxd5 Bxd5 13. Bg2 Bh4+ 14. Bf2 Bxf2+ 15. Qxf2 Qc7 16. 0-0 Nd7 17. Rad1 Bc6 18. Rfe1 Rad8 19. Rd2 h6 20. Red1 Nf6 21. Qc5 Rxd2 22. Rxd2 e4 23. fxe4 Nxg4 24. Bf3 Qf4 25. Bxg4 Qxg4+ 26. Rg2 Qxe4 27. Qf2 Rd8 28. h3 Rd1+ 29. Kh2 Qe5+ 0-1

[Event "BL2 Sued 1819 (Women)"]
[Site "Germany"]
[Date "2019.01.13"]
[Round "7.6"]
[White "Buchholz, Maja Patricia"]
[Black "Schilay, Eva"]
[Result "1-0"]
[WhiteElo "1507"]
[BlackElo "1690"]
[PlyCount "83"]
[EventDate "2018.10.27"]
[EventType "team-tourn"]
[EventRounds "7"]
[EventCountry "GER"]
[SourceTitle "CBM 190 Extra"]
[Source "ChessBase"]
[SourceDate "2019.07.15"]
[SourceVersion "1"]
[SourceVersionDate "2019.07.15"]
[SourceQuality "1"]
[WhiteTeam "Langen (W)"]
[BlackTeam "Regensburg Bavaria (W)"]
[WhiteTeamCountry "GER"]
[BlackTeamCountry "GER"]

1. c4 e5 2. Nc3 Nc6 3. g3 g6 4. Bg2 Bg7 5. d3 d6 6. Nf3 f5 7. Qc2 Nf6 8. a3 Be6 9. b4 Rb8 10. Rb1 0-0 11. 0-0 Nh5 12. a4 h6 13. b5 Ne7 14. a5 f4 15. Qa4 Qc8 16. Re1 Bh3 17. Bh1 Qg4 18. Ne4 Nf5 19. Nxe5 Bxe5 20. Bf3 fxg3 21. hxg3 Qxe4 22. Bxe4 Nfxg3 23. Bd5+ Kh7 24. Qc2 Rf6 25. Bb2 Rbf8 26. fxg3 Nxg3 27. Bxe5 dxe5 28. Qc3 Rf5 29. d4 e4 30. Qb4 h5 31. Qe7+ Kh6 32. Qxc7 h4 33. Be6 Rg5 34. Bxh3 Nxe2+ 35. Kh1 Ng3+ 36. Kh2 Rf2+ 37. Bg2 Nf1+ 38. Rxf1 Rgxg2+ 39. Kh1 e3 40. Rxf2 Rxf2 41. Re1 e2 42. Kg1 1-0

[Event "Bayernliga U20 1819"]
[Site "Bayern"]
[Date "2018.12.08"]
[Round "3.2"]
[White "Weller, Uli"]
[Black "Schilay, Eva"]
[Result "1/2-1/2"]
[WhiteElo "2134"]
[BlackElo "1670"]
[PlyCount "77"]
[EventDate "2018.11.17"]
[EventType "team-tourn"]
[EventRounds "6"]
[EventCountry "GER"]
[SourceTitle "EXT 2022"]
[Source "ChessBase"]
[SourceDate "2021.10.06"]
[SourceVersion "1"]
[SourceVersionDate "2021.10.06"]
[SourceQuality "1"]
[WhiteTeam "Augsburg SF U20"]
[BlackTeam "Neumarkt U20"]
[WhiteTeamCountry "GER"]
[BlackTeamCountry "GER"]

1. e4 d6 2. d4 Nf6 3. Nc3 e5 4. Nge2 Be7 5. h3 c6 6. g4 Qc7 7. Bg2 b6 8. Be3 Bb7 9. Ng3 g6 10. g5 Nfd7 11. f4 f6 12. f5 fxg5 13. fxg6 hxg6 14. Qg4 Rh4 15. Qf3 exd4 16. Bxd4 Rf4 17. Qe2 Na6 18. 0-0-0 0-0-0 19. Be3 Rf7 20. b4 Rdf8 21. b5 Nac5 22. Rd2 Bf6 23. bxc6 Bxc6 24. Nb5 Bxb5 25. Qxb5 d5 26. Ne2 dxe4 27. Rhd1 Qe5 28. Bd4 Nd3+ 29. Qxd3 exd3 30. Bxe5 Bxe5 31. Rxd3 Nc5 32. Rd5 Rf2 33. Rxe5 Rxg2 34. Re7 Rd8 35. Rxa7 Rxd1+ 36. Kxd1 Rh2 37. Rg7 Ne4 38. c4 Rxh3 39. Kc2 1/2-1/2

[Event "BL2 Sued 1819 (Women)"]
[Site "Germany"]
[Date "2018.10.28"]
[Round "2.5"]
[White "Schilay, Eva"]
[Black "Neisius, Laura Maria"]
[Result "1-0"]
[WhiteElo "1690"]
[BlackElo "1655"]
[PlyCount "81"]
[EventDate "2018.10.27"]
[EventType "team-tourn"]
[EventRounds "7"]
[EventCountry "GER"]
[SourceTitle "CBM 190 Extra"]
[Source "ChessBase"]
[SourceDate "2019.07.15"]
[SourceVersion "1"]
[SourceVersionDate "2019.07.15"]
[SourceQuality "1"]
[WhiteTeam "Regensburg Bavaria (W)"]
[BlackTeam "Freiburg Zaehringen (W)"]
[WhiteTeamCountry "GER"]
[BlackTeamCountry "GER"]

1. Nc3 d5 2. e4 dxe4 3. Nxe4 Bf5 4. Nc3 e6 5. d4 Bd6 6. Nf3 c6 7. Bd3 Bg4 8. Ne4 Bc7 9. c3 h6 10. Nc5 Qc8 11. h3 Bxf3 12. Qxf3 Nd7 13. Ne4 Ne7 14. Bf4 e5 15. dxe5 Nxe5 16. Bxe5 Bxe5 17. 0-0 0-0 18. Rfe1 Qc7 19. Bc4 a5 20. a4 Rad8 21. Rad1 Nd5 22. Nc5 Bd6 23. Nb3 Nf6 24. Nd4 Rfe8 25. Nf5 Rxe1+ 26. Rxe1 Bc5 27. Nxh6+ gxh6 28. Qxf6 Bf8 29. Bxf7+ Qxf7 30. Qxd8 Kg7 31. Qd4+ Qf6 32. Qxf6+ Kxf6 33. Re8 Bd6 34. Rh8 Kg7 35. Rd8 Be5 36. Rd7+ Kg6 37. Rxb7 Kf5 38. Ra7 Ke4 39. Rxa5 Bd6 40. Rh5 Bf8 41. a5 1-0

[Event "GER-ch U25-B"]
[Site "Willingen"]
[Date "2018.05.26"]
[Round "9"]
[White "Schilay, Eva"]
[Black "Alferova, Ekaterina"]
[Result "1-0"]
[WhiteElo "1635"]
[BlackElo "1775"]
[PlyCount "85"]
[EventDate "2018.05.19"]
[EventType "swiss"]
[EventRounds "9"]
[EventCountry "GER"]
[SourceTitle "CBM 184 Extra"]
[Source "ChessBase"]
[SourceDate "2018.06.28"]
[SourceVersion "1"]
[SourceVersionDate "2018.06.28"]
[SourceQuality "1"]

1. e4 c6 2. Nf3 d5 3. exd5 cxd5 4. Ne5 Nf6 5. d4 a6 6. Bd3 Nc6 7. c3 e6 8. f4 Bd7 9. Nd2 Nxe5 10. fxe5 Ne4 11. 0-0 Nxd2 12. Bxd2 g6 13. Qg4 Bg7 14. Bg5 Qb6 15. Rf2 Kf8 16. Raf1 Be8 17. h4 h5 18. Qh3 Kg8 19. Qf3 Qc7 20. Bf6 Bxf6 21. Qxf6 Qd8 22. Qf4 Qe7 23. Qg3 Kg7 24. Rf6 Rc8 25. Qg5 Rc7 26. R1f4 Rh7 27. Rf3 Kh8 28. g4 hxg4 29. Qxg4 Rd7 30. Rg3 Rc7 31. h5 Rg7 32. Kf2 Rd7 33. Rh3 Kg8 34. Qh4 Rh7 35. Qg4 Rg7 36. Rg3 Rc7 37. Qg5 Rd7 38. Qh6 Rh7 39. Qg5 Rg7 40. Qg4 Rc7 41. hxg6 fxg6 42. Qxe6+ Qxe6 43. Rxe6 1-0

[Event "GER-ch U25-B"]
[Site "Willingen"]
[Date "2018.05.23"]
[Round "5"]
[White "Schilay, Eva"]
[Black "Arnold, Leander"]
[Result "1/2-1/2"]
[WhiteElo "1635"]
[BlackElo "1767"]
[PlyCount "41"]
[EventDate "2018.05.19"]
[EventType "swiss"]
[EventRounds "9"]
[EventCountry "GER"]
[SourceTitle "CBM 184 Extra"]
[Source "ChessBase"]
[SourceDate "2018.06.28"]
[SourceVersion "1"]
[SourceVersionDate "2018.06.28"]
[SourceQuality "1"]

1. e4 b6 2. g3 Bb7 3. Bg2 e6 4. d3 Nf6 5. Be3 d5 6. e5 Nfd7 7. f4 g6 8. Nf3 c5 9. c4 Be7 10. 0-0 0-0 11. Nfd2 Na6 12. Nc3 Nc7 13. Bf2 Nb8 14. Qc2 Nc6 15. a3 Re8 16. Rfe1 Bf8 17. Rad1 Ne7 18. b3 Rb8 19. Kh1 Ra8 20. Kg1 Rb8 21. Kh1 1/2-1/2

[Event "GER-ch U25-B"]
[Site "Willingen"]
[Date "2018.05.21"]
[Round "3"]
[White "Maul, Maik Joel"]
[Black "Schilay, Eva"]
[Result "0-1"]
[WhiteElo "1465"]
[BlackElo "1635"]
[PlyCount "112"]
[EventDate "2018.05.19"]
[EventType "swiss"]
[EventRounds "9"]
[EventCountry "GER"]
[SourceTitle "CBM 184 Extra"]
[Source "ChessBase"]
[SourceDate "2018.06.28"]
[SourceVersion "1"]
[SourceVersionDate "2018.06.28"]
[SourceQuality "1"]

1. e4 d6 2. d4 Nf6 3. Nc3 e5 4. dxe5 dxe5 5. Qxd8+ Kxd8 6. Bg5 Be6 7. Nf3 Nbd7 8. 0-0-0 Kc8 9. Bd3 Bb4 10. Bxf6 gxf6 11. Nd5 Bc5 12. Nd2 c6 13. Ne3 Rg8 14. Ndc4 Kc7 15. Nf5 Bxf5 16. exf5 Bxf2 17. Rhf1 Bc5 18. g3 Rad8 19. c3 b5 20. Na5 Bb6 21. Nb3 a5 22. Kc2 a4 23. Nd2 Nc5 24. Ne4 Nxe4 25. Bxe4 Bc5 26. Rd3 Rxd3 27. Bxd3 Rg4 28. b3 axb3+ 29. axb3 Bb6 30. c4 b4 31. Ra1 e4 32. Be2 Rg5 33. Ra8 Rxf5 34. Rf8 Rf2 35. Kd2 Bd4 36. Rxf7+ Kd6 37. Rxh7 c5 38. h4 Rg2 39. g4 Rg3 40. h5 Rxb3 41. h6 Rh3 42. Rh8 Ke6 43. g5 fxg5 44. Bg4+ Kf7 45. Bxh3 Bxh8 46. Bf5 Kf6 47. Bxe4 g4 48. Ke3 Kg5 49. Bb1 Bd4+ 50. Kd2 Kxh6 51. Be4 Kg5 52. Kd3 Kf4 53. Bh1 b3 54. Bg2 b2 55. Kc2 Ke3 56. Bh1 Kf2 0-1

[Event "GER-ch U18 Girls"]
[Site "Willingen"]
[Date "2017.06.07"]
[Round "6"]
[White "Schilay, Eva"]
[Black "Caliebe, Nanke"]
[Result "1-0"]
[WhiteElo "1670"]
[BlackElo "1501"]
[PlyCount "119"]
[EventDate "2017.06.04"]
[EventType "swiss"]
[EventRounds "9"]
[EventCountry "GER"]
[SourceTitle "CBM 178 Extra"]
[Source "ChessBase"]
[SourceDate "2017.06.22"]
[SourceVersion "1"]
[SourceVersionDate "2017.06.22"]
[SourceQuality "1"]

1. e4 c5 2. Nf3 a6 3. c4 Nc6 4. d4 cxd4 5. Nxd4 g6 6. Nc3 Bg7 7. Be3 e6 8. Be2 Nge7 9. 0-0 0-0 10. Qd2 Nxd4 11. Bxd4 h6 12. Bc5 f5 13. exf5 Rxf5 14. Be3 Kh7 15. Bg4 Rf8 16. Bc5 b6 17. Bf3 Rb8 18. Bd6 Bb7 19. Bxb8 Bxf3 20. Bd6 Bc6 21. Rad1 Rf5 22. Qe3 Rg5 23. Ne4 Rg4 24. f3 Nf5 25. Qe2 Nxd6 26. Nxd6 Bd4+ 27. Kh1 Rh4 28. g3 Rh3 29. Rxd4 Qf6 30. Rf4 Qg5 31. Qg2 Rh5 32. Ne4 Qe5 33. Nf6+ Kg7 34. Nxh5+ Qxh5 35. b3 g5 36. Rd4 e5 37. g4 Qf7 38. Rdd1 h5 39. h3 hxg4 40. hxg4 Qf4 41. Rde1 Kf6 42. Qe2 b5 43. Kg2 Qxg4+ 44. Kf2 Qh4+ 45. Kg1 g4 46. Qxe5+ Kg6 47. Qe8+ Kg7 48. Qe7+ Qxe7 49. Rxe7+ Kf6 50. cxb5 Bxb5 51. Re4 Bxf1 52. Kxf1 Kf5 53. Rxg4 d5 54. Ke2 Ke5 55. Kd3 a5 56. Rg5+ Ke6 57. Kd4 a4 58. bxa4 Kd6 59. Rg6+ Ke7 60. Kxd5 1-0

[Event "GER-ch U18 Girls"]
[Site "Willingen"]
[Date "2017.06.05"]
[Round "3"]
[White "Schilay, Eva"]
[Black "Schulz, Theresa Charlotte"]
[Result "0-1"]
[WhiteElo "1670"]
[BlackElo "1676"]
[PlyCount "32"]
[EventDate "2017.06.04"]
[EventType "swiss"]
[EventRounds "9"]
[EventCountry "GER"]
[SourceTitle "CBM 178 Extra"]
[Source "ChessBase"]
[SourceDate "2017.06.22"]
[SourceVersion "1"]
[SourceVersionDate "2017.06.22"]
[SourceQuality "1"]

1. e4 c5 2. Nf3 d6 3. d4 cxd4 4. Nxd4 Nf6 5. Nc3 g6 6. Be3 Bg7 7. f3 0-0 8. Bc4 Nc6 9. Qd2 Bd7 10. 0-0-0 Qa5 11. h4 Rfc8 12. h5 Nxd4 13. Qxd4 Ng4 14. Qd5 Qxd5 15. Nxd5 Nxe3 16. Nxe3 Bh6 0-1

[Event "GER-chT U16"]
[Site "Neumarkt in der Oberpfalz"]
[Date "2016.12.28"]
[Round "3.3"]
[White "Graf, Lucas"]
[Black "Schilay, Eva"]
[Result "1/2-1/2"]
[WhiteElo "1818"]
[BlackElo "1552"]
[PlyCount "43"]
[EventDate "2016.12.27"]
[EventType "team-swiss"]
[EventRounds "7"]
[EventCountry "GER"]
[SourceTitle "EXT 2018"]
[Source "ChessBase"]
[SourceDate "2017.10.13"]
[SourceVersion "1"]
[SourceVersionDate "2017.10.13"]
[SourceQuality "1"]
[WhiteTeam "Plauen Koenig"]
[BlackTeam "Neumarkt"]
[WhiteTeamCountry "GER"]
[BlackTeamCountry "GER"]

1. e4 d5 2. exd5 Qxd5 3. Nc3 Qd6 4. Bc4 Nf6 5. d4 a6 6. Bb3 e6 7. Nf3 b5 8. 0-0 Bb7 9. Re1 Be7 10. Ne5 0-0 11. Nxf7 Rxf7 12. Rxe6 Qd7 13. Qe2 Nc6 14. Be3 Kh8 15. Rd1 Na5 16. Bg5 Nxb3 17. axb3 Raf8 18. Re1 Bd8 19. d5 h6 20. Bxf6 Bxf6 21. f3 Bxc3 22. bxc3 1/2-1/2

[Event "Landesliga U20 Nord 1617"]
[Site "Bayern"]
[Date "2016.12.10"]
[Round "3.4"]
[White "Volkovski, Reinhold"]
[Black "Schilay, Eva"]
[Result "1-0"]
[WhiteElo "1815"]
[BlackElo "1665"]
[PlyCount "117"]
[EventDate "2016.11.12"]
[EventType "team-tourn"]
[EventRounds "7"]
[EventCountry "GER"]
[SourceTitle "EXT 2022"]
[Source "ChessBase"]
[SourceDate "2021.10.06"]
[SourceVersion "1"]
[SourceVersionDate "2021.10.06"]
[SourceQuality "1"]
[WhiteTeam "Nuernberg NT U20"]
[BlackTeam "Neumarkt U20"]
[WhiteTeamCountry "GER"]
[BlackTeamCountry "GER"]

1. e4 d5 2. exd5 Qxd5 3. Nc3 Qd6 4. Nf3 Bg4 5. Be2 Nf6 6. 0-0 Nc6 7. d3 e5 8. Bg5 Be7 9. Re1 0-0 10. Bxf6 Bxf6 11. Ne4 Qe7 12. c3 Bf5 13. Qc2 Rfd8 14. Rad1 Rd7 15. Rd2 Rad8 16. Red1 b6 17. h3 Na5 18. g4 Bxe4 19. dxe4 Nb7 20. Bb5 Rd6 21. Bc4 Nc5 22. b4 Ne6 23. Bxe6 Qxe6 24. Rxd6 Rxd6 25. Rxd6 Qxd6 26. Qa4 h6 27. Qe8+ Qf8 28. Qc6 Qd6 29. Qxd6 cxd6 30. Kf1 Kf8 31. Ke2 Ke7 32. Kd3 b5 33. c4 a6 34. Nd2 Ke6 35. Nb1 Kd7 36. Nc3 Kc6 37. a4 bxa4 38. Nxa4 Bh4 39. f3 Bf2 40. Nc3 Bd4 41. Ne2 Bf2 42. f4 Be1 43. fxe5 dxe5 44. Nc3 Bf2 45. Nd5 Kd6 46. c5+ Kc6 47. Kc4 Bh4 48. Nc3 Be7 49. Nd5 Bd8 50. Ne3 g6 51. Ng2 Be7 52. h4 Bd8 53. h5 Bg5 54. Ne1 Bf4 55. Nf3 Bg3 56. g5 Bf4 57. hxg6 fxg6 58. gxh6 Bxh6 59. Nxe5+ 1-0

[Event "GER-ch U16 Girls"]
[Site "Willingen"]
[Date "2016.05.21"]
[Round "9"]
[White "Schilay, Eva"]
[Black "Sanati, Charlotte"]
[Result "0-1"]
[WhiteElo "1599"]
[BlackElo "1919"]
[PlyCount "66"]
[EventDate "2016.05.15"]
[EventType "swiss"]
[EventRounds "9"]
[EventCountry "GER"]
[SourceTitle "CBM 172 Extra"]
[Source "ChessBase"]
[SourceDate "2016.06.21"]
[SourceVersion "1"]
[SourceVersionDate "2016.06.21"]
[SourceQuality "1"]

1. e4 c5 2. Nc3 d6 3. Nge2 e5 4. d3 Nc6 5. g3 g6 6. Bg2 Bg7 7. Be3 Nge7 8. Qd2 Nd4 9. f4 Bh3 10. 0-0 Qd7 11. Nd1 Bxg2 12. Kxg2 h5 13. h4 0-0 14. c3 Nxe2 15. Qxe2 f5 16. Nf2 Qc6 17. Kh2 Rae8 18. Qc2 d5 19. exf5 Nxf5 20. Bd2 exf4 21. Bxf4 Ne3 22. Bxe3 Rxe3 23. Nh3 Rfe8 24. Rf2 Be5 25. Rg1 Qd6 26. Nf4 Bxf4 27. gxf4 Kh7 28. Rg3 Qf6 29. Rg5 Qe6 30. Rg3 Rxg3 31. Kxg3 Qg4+ 32. Kh2 Re3 33. Qd2 Rh3# 0-1